Missing Word: 'A' Names Quiz Stats

Quiz Updated Jul 2, 2012

Challenge
Share
Tweet
Embed
Score 0/24 Timer 02:00
3 Plays Today
A Name Missing Word % Correct
_____ in WonderlandAlice
96.8%
_____ EinsteinAlbert
96%
_____ SchwarzeneggerArnold
96%
_____ LincolnAbraham
95.1%
_____ & the ChipmunksAlvin
94.5%
_____ VenturaAce
92.9%
_____ PowersAustin
92.2%
_____ BaldwinAlec
91.9%
_____ Graham BellAlexander
91.3%
Paula _____Abdul
89.8%
_____ Lloyd WebberAndrew
83.3%
Hans Christian _____Andersen
81.7%
A Name Missing Word % Correct
Giorgio _____Armani
81.1%
Marie _____Antoinette
74.5%
Marc _____Antony
70%
Hank _____Aaron
66.9%
Alan ____Alda
57.1%
____ SmithAdam
51.5%
_____ AdamsAbigail
49.4%
_____ VespucciAmerigo
45.9%
_____ HuxleyAldous
37.4%
_____ NikolaevnaAnastasia
34.1%
Clement _____Attlee
15.2%
_____ CuarĂ³nAlfonso
11.9%

Today's Daily Dose

Missing Word
Ubisoft Games

Word Ladder
Physics Phun

Quick Pick
Me an EGOT II

On This Day
May 27th II

You're not logged in!

Compare scores with friends on all Sporcle quizzes.
Join for Free
OR
Log In

You Might Also Like...

Show Comments

Extras

Top Quizzes Today


Score Distribution

Your Account Isn't Verified!

In order to create a playlist on Sporcle, you need to verify the email address you used during registration. Go to your Sporcle Settings to finish the process.

Report this User

Report this user for behavior that violates our Community Guidelines.

Details: